[Event "NB I. Maroczy csoport"]
[Site "Kecskemet"]
[Date "2024.05.12"]
[Round "11.8"]
[White "Czegledi, Zsolt"]
[Black "Davaademberel, Purevdorj"]
[Result "1/2-1/2"]
[WhiteElo "2146"]
[BlackElo "1933"]
[PlyCount "39"]
[EventDate "2023.10.08"]
[EventType "team-tourn"]
[EventRounds "11"]
[EventCountry "HUN"]
[Source "chess.hu"]
[WhiteTeam "Neumann J. Egyetem"]
[BlackTeam "DEAC-Debr.Sakkiskola"]
[WhiteTeamCountry "HUN"]
[BlackTeamCountry "HUN"]

1. d4 d5 2. Bg5 Nf6 3. Bxf6 exf6 4. e3 Bd6 5. c4 dxc4 6. Bxc4 O-O 7. Nf3 Bg4 8.
O-O c6 9. h3 Bh5 10. Nc3 Nd7 11. Rc1 f5 12. Be2 Re8 13. Nd2 Bxe2 14. Qxe2 Nf6
15. Qf3 g6 16. Rfe1 Rc8 17. Rcd1 Qb6 18. Nc4 Qb4 19. Nxd6 Qxd6 20. Re2 1/2-1/2

[Event "NB I. Maroczy csoport"]
[Site "Kecskemet"]
[Date "2024.05.12"]
[Round "11.9"]
[White "Nandin-Erdene, Davaademberel"]
[Black "Lehocz, Jozsef Jr"]
[Result "1-0"]
[WhiteElo "1990"]
[BlackElo "2155"]
[PlyCount "93"]
[EventDate "2023.10.08"]
[EventType "team-tourn"]
[EventRounds "11"]
[EventCountry "HUN"]
[Source "chess.hu"]
[WhiteTeam "DEAC-Debr.Sakkiskola"]
[BlackTeam "Neumann J. Egyetem"]
[WhiteTeamCountry "HUN"]
[BlackTeamCountry "HUN"]

1. Nf3 f5 2. d3 g6 3. e4 d6 4. Nc3 Nf6 5. Bd2 Bg7 6. g3 O-O 7. exf5 Bxf5 8. Nh4
Bg4 9. f3 Bd7 10. Qe2 Nc6 11. Be3 e5 12. O-O-O d5 13. Bg5 h6 14. Nxg6 hxg5 15.
Nxf8 Qxf8 16. h4 g4 17. Bg2 gxf3 18. Qxf3 Bg4 19. Qf1 Bxd1 20. Qxd1 d4 21. Nd5
Qd6 22. Nxf6+ Qxf6 23. Bd5+ Kh8 24. g4 Rd8 25. Rf1 Qxh4 26. Kb1 Rxd5 27. Rh1
Qh7 28. Rxh7+ Kxh7 29. Qh1+ Kg6 30. Qxd5 Bf6 31. Qb5 Nd8 32. Qc5 Kg5 33. Qxa7
Kxg4 34. b4 Be7 35. b5 Kf5 36. a4 Ke6 37. a5 Kd7 38. a6 bxa6 39. b6 Kd6 40. b7
Nc6 41. b8=Q Nxb8 42. Qxb8 Kc6 43. Kb2 a5 44. Kb3 Bb4 45. Kc4 Kd6 46. Qd8+ Kc6
47. Qd5+ 1-0

[Event "NB I. Maroczy csoport"]
[Site "Kecskemet"]
[Date "2024.05.12"]
[Round "11.10"]
[White "Brandics, Jozsef"]
[Black "Nemeth, Mark"]
[Result "1/2-1/2"]
[WhiteElo "2163"]
[BlackElo "1815"]
[PlyCount "42"]
[EventDate "2023.10.08"]
[EventType "team-tourn"]
[EventRounds "11"]
[EventCountry "HUN"]
[Source "chess.hu"]
[WhiteTeam "Neumann J. Egyetem"]
[BlackTeam "DEAC-Debr.Sakkiskola"]
[WhiteTeamCountry "HUN"]
[BlackTeamCountry "HUN"]

1. d4 Nf6 2. Bg5 e6 3. e4 h6 4. Bxf6 Qxf6 5. Nf3 d6 6. Nc3 Nd7 7. Be2 Be7 8.
O-O O-O 9. Ne1 c5 10. d5 a6 11. a4 b6 12. Kh1 Bb7 13. Bc4 Ne5 14. Ba2 Ng6 15.
dxe6 fxe6 16. Qg4 Bc8 17. Nd3 Kh7 18. f4 Qh4 19. Qf3 Rb8 20. Bc4 Qf6 21. Qg4
Qh4 1/2-1/2

[Event "NB I. Maroczy csoport"]
[Site "Kecskemet"]
[Date "2024.05.12"]
[Round "11.11"]
[White "Bordos, Janos"]
[Black "Csala, Imre"]
[Result "1/2-1/2"]
[WhiteElo "1745"]
[BlackElo "1984"]
[PlyCount "102"]
[EventDate "2023.10.08"]
[EventType "team-tourn"]
[EventRounds "11"]
[EventCountry "HUN"]
[Source "chess.hu"]
[WhiteTeam "DEAC-Debr.Sakkiskola"]
[BlackTeam "Neumann J. Egyetem"]
[WhiteTeamCountry "HUN"]
[BlackTeamCountry "HUN"]

1. e4 d6 2. d4 g6 3. Nc3 Bg7 4. Be3 Nc6 5. f4 Nf6 6. Nf3 Bg4 7. h3 Bxf3 8. Qxf3
Nd7 9. e5 Nb6 10. O-O-O d5 11. g4 h5 12. Be2 Qd7 13. f5 gxf5 14. gxf5 O-O-O 15.
Rhg1 Bh6 16. Bxh6 Rxh6 17. Rg7 Qe8 18. Qf4 Rh8 19. f6 e6 20. h4 Qf8 21. a3 Rd7
22. Qg5 Nc4 23. Nb1 N6a5 24. Bxh5 c5 25. Rg1 cxd4 26. Rg8 Rxg8 27. Qxg8 Qxg8
28. Rxg8+ Kc7 29. Be2 Nxe5 30. h5 Rd8 31. Rxd8 Kxd8 32. h6 Ng6 33. Bh5 Nh8 34.
Nd2 Nc6 35. Nf3 Kd7 36. Kd2 Kd6 37. h7 a5 38. b3 b5 39. b4 axb4 40. axb4 e5 41.
Ng5 Nd8 42. Kd3 Kc7 43. Kd2 e4 44. Be2 Kb6 45. Bh5 Kc6 46. Be2 Nb7 47. Bh5 Nd6
48. Ke2 Kd7 49. Kd2 Nc4+ 50. Ke2 Ne5 51. Kd2 Kd6 1/2-1/2

[Event "NB I. Maroczy csoport"]
[Site "Kecskemet"]
[Date "2024.05.12"]
[Round "11.12"]
[White "Balazs-Szalai, Renata"]
[Black "Biro, Beata"]
[Result "1/2-1/2"]
[WhiteElo "1904"]
[BlackElo "1925"]
[PlyCount "107"]
[EventDate "2023.10.08"]
[EventType "team-tourn"]
[EventRounds "11"]
[EventCountry "HUN"]
[Source "chess.hu"]
[WhiteTeam "Neumann J. Egyetem"]
[BlackTeam "DEAC-Debr.Sakkiskola"]
[WhiteTeamCountry "HUN"]
[BlackTeamCountry "HUN"]

1. d4 d5 2. c4 c6 3. Nc3 Nf6 4. Nf3 e6 5. e3 Bd6 6. Qc2 O-O 7. b3 Nbd7 8. Be2
e5 9. c5 Bc7 10. b4 e4 11. Nd2 a6 12. a4 Ne8 13. Rb1 f5 14. g3 Ndf6 15. b5 Qe7
16. Nb3 f4 17. exf4 Bf5 18. Be3 Ng4 19. Qd1 Nef6 20. b6 Bb8 21. Na5 Qd7 22. Kd2
Re8 23. Qf1 Nh5 24. Qg2 Nxe3 25. fxe3 Bh3 26. Qf2 Nf6 27. Bf1 Re7 28. Bxh3 Qxh3
29. Qf1 Qh6 30. Qg2 g5 31. fxg5 Qxg5 32. Rbf1 Ng4 33. Nd1 Be5 34. Nb3 Bg7 35.
h3 Nf6 36. h4 Qg6 37. Nf2 h5 38. Nh3 Bh6 39. Nf4 Bxf4 40. Rxf4 Rf8 41. Rhf1
Ref7 42. Rf5 Ng4 43. Rxf7 Rxf7 44. Rxf7 Qxf7 45. Ke2 Kf8 46. Nd2 Ke7 47. Nb1
Ke6 48. Nc3 Qf5 49. Nd1 Kf6 50. a5 Kg6 51. Qf1 Qxf1+ 52. Kxf1 Kf6 53. Ke2 Ke6
54. Nc3 1/2-1/2

[Event "NB I. Maroczy csoport"]
[Site "Szeged"]
[Date "2024.05.12"]
[Round "11.1"]
[White "Berebora, Ferenc"]
[Black "Stankovic, Milos"]
[Result "1/2-1/2"]
[WhiteElo "2388"]
[BlackElo "2465"]
[PlyCount "23"]
[EventDate "2023.10.08"]
[EventType "team-tourn"]
[EventRounds "11"]
[EventCountry "HUN"]
[Source "chess.hu"]
[WhiteTeam "Kumania-Kisujszallas"]
[BlackTeam "Maroczy SE I."]
[WhiteTeamCountry "HUN"]
[BlackTeamCountry "HUN"]

1. Nf3 Nf6 2. c4 c5 3. g3 g6 4. Bg2 Bg7 5. d4 cxd4 6. Nxd4 h5 7. Nc3 h4 8. Bg5
h3 9. Bf3 Nc6 10. Nxc6 bxc6 11. Bxc6 dxc6 12. Qd2 1/2-1/2

[Event "NB I. Maroczy csoport"]
[Site "Szeged"]
[Date "2024.05.12"]
[Round "11.2"]
[White "Palkovi, Jozsef"]
[Black "Balla, Tamas-Kristof"]
[Result "1/2-1/2"]
[WhiteElo "2377"]
[BlackElo "2296"]
[PlyCount "24"]
[EventDate "2023.10.08"]
[EventType "team-tourn"]
[EventRounds "11"]
[EventCountry "HUN"]
[Source "chess.hu"]
[WhiteTeam "Maroczy SE I."]
[BlackTeam "Kumania-Kisujszallas"]
[WhiteTeamCountry "HUN"]
[BlackTeamCountry "HUN"]

1. e4 d5 2. exd5 Qxd5 3. Nc3 Qa5 4. d4 Nf6 5. Nf3 c6 6. Bc4 Bf5 7. Bd2 Qc7 8.
Ne5 e6 9. g4 Be4 10. f3 Bd5 11. Nxd5 Nxd5 12. Qe2 Nd7 1/2-1/2

[Event "NB I. Maroczy csoport"]
[Site "Szeged"]
[Date "2024.05.12"]
[Round "11.3"]
[White "Meszaros, Gyula"]
[Black "Peczely, Sebastian Zsombor"]
[Result "1/2-1/2"]
[WhiteElo "2299"]
[BlackElo "2297"]
[PlyCount "22"]
[EventDate "2023.10.08"]
[EventType "team-tourn"]
[EventRounds "11"]
[EventCountry "HUN"]
[Source "chess.hu"]
[WhiteTeam "Kumania-Kisujszallas"]
[BlackTeam "Maroczy SE I."]
[WhiteTeamCountry "HUN"]
[BlackTeamCountry "HUN"]

1. Nf3 f5 2. c4 Nf6 3. g3 e6 4. Bg2 Be7 5. O-O O-O 6. Nc3 d6 7. d4 Ne4 8. Qc2
Nxc3 9. Qxc3 Nd7 10. Qc2 Nf6 11. Bg5 Ne4 1/2-1/2

[Event "NB I. Maroczy csoport"]
[Site "Szeged"]
[Date "2024.05.12"]
[Round "11.4"]
[White "Nestorovic, Lazar"]
[Black "Egyed, Gabor"]
[Result "1/2-1/2"]
[WhiteElo "2307"]
[BlackElo "2126"]
[PlyCount "43"]
[EventDate "2023.10.08"]
[EventType "team-tourn"]
[EventRounds "11"]
[EventCountry "HUN"]
[Source "chess.hu"]
[WhiteTeam "Maroczy SE I."]
[BlackTeam "Kumania-Kisujszallas"]
[WhiteTeamCountry "HUN"]
[BlackTeamCountry "HUN"]

1. e4 c5 2. Nf3 d6 3. d4 cxd4 4. Nxd4 Nf6 5. Nc3 Nc6 6. Bg5 e6 7. Qd2 Be7 8.
O-O-O O-O 9. f3 Nxd4 10. Qxd4 a6 11. h4 b5 12. Kb1 Bb7 13. Bd3 Rc8 14. Ne2 Qc7
15. Qf2 d5 16. e5 Bc5 17. Qg3 Ne8 18. f4 f6 19. exf6 Nxf6 20. Qh3 Rce8 21. Bxf6
Rxf6 22. g3 1/2-1/2

[Event "NB I. Maroczy csoport"]
[Site "Szeged"]
[Date "2024.05.12"]
[Round "11.5"]
[White "Nagy, Attila N"]
[Black "Papp, Bence"]
[Result "0-1"]
[WhiteElo "2129"]
[BlackElo "2286"]
[PlyCount "152"]
[EventDate "2023.10.08"]
[EventType "team-tourn"]
[EventRounds "11"]
[EventCountry "HUN"]
[Source "chess.hu"]
[WhiteTeam "Kumania-Kisujszallas"]
[BlackTeam "Maroczy SE I."]
[WhiteTeamCountry "HUN"]
[BlackTeamCountry "HUN"]

1. d4 Nf6 2. c4 e6 3. Nf3 a6 4. Nc3 d5 5. cxd5 exd5 6. Bg5 Be6 7. e3 c6 8. Bd3
Nbd7 9. O-O Qc7 10. Qc2 Bd6 11. e4 dxe4 12. Nxe4 Nxe4 13. Bxe4 h6 14. Bh4 O-O
15. Bg3 Nf6 16. Bf5 Bxg3 17. hxg3 Bd5 18. Ne5 Rad8 19. Rfe1 Rfe8 20. b3 Be6 21.
Rad1 Qa5 22. Bxe6 Rxe6 23. Re3 Qd5 24. Nc4 Ng4 25. Rxe6 Qxe6 26. f3 Nf6 27. Qf2
Re8 28. Ne5 Nd5 29. Re1 Qf5 30. g4 Qg5 31. g3 Qd8 32. Nd3 Rxe1+ 33. Qxe1 Nc7
34. Qe5 Ne6 35. Nc5 Nxd4 36. Kg2 b6 37. Nxa6 Nxf3 38. Kxf3 Qd3+ 39. Qe3 Qxa6
40. Qe8+ Kh7 41. Qe4+ g6 42. Qxc6 Qf1+ 43. Ke3 Qe1+ 44. Kf4 Qf2+ 45. Qf3 Qxa2
46. Ke5 Qa5+ 47. Kd6 Qc5+ 48. Kd7 Kg7 49. Qd3 b5 50. Ke8 Qf8+ 51. Kd7 Qc5 52.
Kd8 b4 53. Qd1 Qe5 54. Kd7 Kg8 55. Kc6 Kg7 56. Kd7 Qc3 57. Qd5 Kg8 58. Qa8+ Kh7
59. Qd5 Kg7 60. Qd1 Kg8 61. Kd6 Qxg3+ 62. Kc5 Qc3+ 63. Kb5 Kg7 64. Qd5 Kg8 65.
Qd8+ Kh7 66. Qd5 Kg7 67. Ka4 Qe1 68. Qd4+ Kh7 69. Qf4 Qe7 70. Kb5 Qg5+ 71. Qxg5
hxg5 72. Kxb4 f5 73. Kc4 Kg7 74. b4 Kf6 75. Kd5 Ke7 76. b5 Kd7 0-1

[Event "NB I. Maroczy csoport"]
[Site "Szeged"]
[Date "2024.05.12"]
[Round "11.6"]
[White "Zakarias, David"]
[Black "Pletl, Akos"]
[Result "0-1"]
[WhiteElo "2316"]
[BlackElo "2189"]
[PlyCount "98"]
[EventDate "2023.10.08"]
[EventType "team-tourn"]
[EventRounds "11"]
[EventCountry "HUN"]
[Source "chess.hu"]
[WhiteTeam "Maroczy SE I."]
[BlackTeam "Kumania-Kisujszallas"]
[WhiteTeamCountry "HUN"]
[BlackTeamCountry "HUN"]

1. d4 d5 2. c4 c6 3. Nf3 Nf6 4. e3 e6 5. b3 Ne4 6. Nbd2 Nd7 7. Bd3 f5 8. Bb2
Bd6 9. O-O Qf6 10. Qc2 O-O 11. a4 a5 12. Ba3 Bxa3 13. Rxa3 Kh8 14. Be2 Qe7 15.
Raa1 Qd6 16. Rac1 Ndf6 17. Ne5 Nxd2 18. Qxd2 Bd7 19. Rc2 Be8 20. f3 Nd7 21.
Nxd7 Qxd7 22. Bd3 Bg6 23. f4 Rfb8 24. Rb1 Ra7 25. Qc3 Qe7 26. Rcb2 Qb4 27. Qc2
Rf8 28. Rc1 Raa8 29. Qc3 Rfe8 30. Kf2 Red8 31. h3 Kg8 32. Qc2 Rf8 33. g4 Qe7
34. Kg3 fxg4 35. Bxg6 hxg6 36. hxg4 Kf7 37. Rh1 Rh8 38. Rbb1 Qb4 39. Rbf1 Raf8
40. c5 Rxh1 41. Rxh1 b6 42. f5 exf5 43. gxf5 bxc5 44. fxg6+ Ke7 45. Rc1 c4 46.
bxc4 Qd6+ 47. Kg2 Qf6 48. Kh2 Qf3 49. Qg2 Rh8+ 0-1

[Event "NB I. Maroczy csoport"]
[Site "Szeged"]
[Date "2024.05.12"]
[Round "11.7"]
[White "Muhari, Istvan"]
[Black "Tubak, Daniel"]
[Result "1/2-1/2"]
[WhiteElo "2135"]
[BlackElo "2231"]
[PlyCount "48"]
[EventDate "2023.10.08"]
[EventType "team-tourn"]
[EventRounds "11"]
[EventCountry "HUN"]
[Source "chess.hu"]
[WhiteTeam "Kumania-Kisujszallas"]
[BlackTeam "Maroczy SE I."]
[WhiteTeamCountry "HUN"]
[BlackTeamCountry "HUN"]

1. e4 e5 2. Nf3 Nc6 3. Bc4 Bc5 4. Nc3 Nf6 5. O-O a6 6. a3 d6 7. h3 h6 8. d3 g5
9. Nh2 Bd7 10. Be3 Nd4 11. Nd5 c6 12. Nxf6+ Qxf6 13. c3 Ne6 14. Bxe6 Bxe6 15.
Bxc5 dxc5 16. Ng4 Qg7 17. Qf3 O-O-O 18. Qg3 f6 19. Rfd1 h5 20. Ne3 Rd7 21. Nc4
Kc7 22. Qe3 Qe7 23. b4 Bxc4 24. dxc4 cxb4 1/2-1/2

[Event "NB I. Maroczy csoport"]
[Site "Szeged"]
[Date "2024.05.12"]
[Round "11.8"]
[White "Nagy, Daniel"]
[Black "Simonyi, Zoltan"]
[Result "1/2-1/2"]
[WhiteElo "2282"]
[BlackElo "2108"]
[PlyCount "61"]
[EventDate "2023.10.08"]
[EventType "team-tourn"]
[EventRounds "11"]
[EventCountry "HUN"]
[Source "chess.hu"]
[WhiteTeam "Maroczy SE I."]
[BlackTeam "Kumania-Kisujszallas"]
[WhiteTeamCountry "HUN"]
[BlackTeamCountry "HUN"]

1. d4 Nf6 2. c4 e6 3. Nf3 b6 4. Nc3 Bb7 5. e3 d5 6. cxd5 exd5 7. Bd3 Be7 8. Qc2
O-O 9. b3 c5 10. Bb2 Nc6 11. a3 cxd4 12. exd4 Re8 13. O-O Bf8 14. b4 g6 15.
Rfe1 Bg7 16. Qb3 Ne7 17. Ne5 Nc8 18. b5 Nd6 19. Nc6 Bxc6 20. bxc6 Rc8 21. Nxd5
Rxc6 22. Rad1 Rc8 23. h3 Qd7 24. Nxf6+ Bxf6 25. d5 Bxb2 26. Qxb2 Rxe1+ 27. Rxe1
Re8 28. Rxe8+ Qxe8 29. Qf6 Qd7 30. h4 h5 31. g3 1/2-1/2

[Event "NB I. Maroczy csoport"]
[Site "Szeged"]
[Date "2024.05.12"]
[Round "11.9"]
[White "Vranic, Ljubomir"]
[Black "Tesik, Csaba"]
[Result "1/2-1/2"]
[WhiteElo "2145"]
[BlackElo "2294"]
[PlyCount "89"]
[EventDate "2023.10.08"]
[EventType "team-tourn"]
[EventRounds "11"]
[EventCountry "HUN"]
[Source "chess.hu"]
[WhiteTeam "Kumania-Kisujszallas"]
[BlackTeam "Maroczy SE I."]
[WhiteTeamCountry "HUN"]
[BlackTeamCountry "HUN"]

1. d4 Nf6 2. Nc3 g6 3. e4 d6 4. Bg5 Bg7 5. f4 c6 6. Qd2 Qa5 7. Nf3 Bg4 8. Be2
d5 9. e5 Nfd7 10. O-O e6 11. b4 Qc7 12. Bd3 Bf5 13. Be2 Bg4 14. Kh1 f5 15. exf6
Nxf6 16. Bxf6 Bxf6 17. Ne5 Bxe2 18. Nxe2 Nd7 19. Qe3 O-O 20. a3 a5 21. Qf3 Qd6
22. Qc3 axb4 23. axb4 Bg7 24. Nxd7 Qxd7 25. g3 b6 26. Ng1 c5 27. bxc5 bxc5 28.
Nf3 cxd4 29. Qd3 Ra4 30. Rfe1 Rc8 31. Rxa4 Qxa4 32. Qe2 Rc6 33. Rb1 Qxc2 34.
Rb8+ Bf8 35. Qxc2 Rxc2 36. Nxd4 Rc1+ 37. Kg2 Kf7 38. Rb7+ Be7 39. Nf3 Rc2+ 40.
Kf1 Kf6 41. Ne5 h5 42. h3 Rc3 43. Kg2 Rc2+ 44. Kf1 Rc3 45. Kg2 1/2-1/2

[Event "NB I. Maroczy csoport"]
[Site "Szeged"]
[Date "2024.05.12"]
[Round "11.10"]
[White "Kopasz, Robert"]
[Black "Fekete, Albert"]
[Result "1/2-1/2"]
[WhiteElo "2236"]
[BlackElo "2088"]
[PlyCount "39"]
[EventDate "2023.10.08"]
[EventType "team-tourn"]
[EventRounds "11"]
[EventCountry "HUN"]
[Source "chess.hu"]
[WhiteTeam "Maroczy SE I."]
[BlackTeam "Kumania-Kisujszallas"]
[WhiteTeamCountry "HUN"]
[BlackTeamCountry "HUN"]

1. e4 Nf6 2. e5 Nd5 3. d4 d6 4. Nf3 Bg4 5. Be2 e6 6. O-O Be7 7. c4 Nb6 8. exd6
cxd6 9. Nc3 O-O 10. Be3 d5 11. c5 Bxf3 12. Bxf3 Nc4 13. Bf4 Nc6 14. b3 N4a5 15.
Rb1 Bf6 16. Ne2 a6 17. Qd3 b6 18. Bd6 Re8 19. Rfc1 b5 20. Re1 1/2-1/2

[Event "NB I. Maroczy csoport"]
[Site "Szeged"]
[Date "2024.05.12"]
[Round "11.11"]
[White "Atkins, Rita"]
[Black "Kocsmar, Akos"]
[Result "0-1"]
[WhiteElo "2031"]
[BlackElo "2138"]
[PlyCount "76"]
[EventDate "2023.10.08"]
[EventType "team-tourn"]
[EventRounds "11"]
[EventCountry "HUN"]
[Source "chess.hu"]
[WhiteTeam "Kumania-Kisujszallas"]
[BlackTeam "Maroczy SE I."]
[WhiteTeamCountry "HUN"]
[BlackTeamCountry "HUN"]

1. d4 Nf6 2. Bg5 c5 3. d5 Ne4 4. Bf4 Qb6 5. Qc1 c4 6. e3 Qa5+ 7. c3 Qxd5 8. Na3
e5 9. Bg3 Bxa3 10. bxa3 Nc6 11. Qc2 Nc5 12. Rd1 Nd3+ 13. Rxd3 cxd3 14. Bxd3 d6
15. Nf3 Be6 16. O-O Qxa2 17. Qa4 Qb3 18. Qxb3 Bxb3 19. Rb1 Na5 20. Nd2 Be6 21.
f4 f6 22. f5 Bf7 23. c4 Rc8 24. Ne4 Kd7 25. Be1 Bxc4 26. Bxc4 Nxc4 27. Rxb7+
Rc7 28. Rb3 d5 29. Rd3 Kc6 30. Nc3 Rd8 31. e4 d4 32. Nd5 Rxd5 33. exd5+ Kxd5
34. g4 Ne3 35. h3 h5 36. Bd2 Kc4 37. Rxe3 dxe3 38. Bxe3 Kd3 0-1

[Event "NB I. Maroczy csoport"]
[Site "Szeged"]
[Date "2024.05.12"]
[Round "11.12"]
[White "Markus, Molli Amina"]
[Black "Molnar, Lili"]
[Result "1/2-1/2"]
[WhiteElo "1945"]
[BlackElo "1711"]
[PlyCount "101"]
[EventDate "2023.10.08"]
[EventType "team-tourn"]
[EventRounds "11"]
[EventCountry "HUN"]
[Source "chess.hu"]
[WhiteTeam "Maroczy SE I."]
[BlackTeam "Kumania-Kisujszallas"]
[WhiteTeamCountry "HUN"]
[BlackTeamCountry "HUN"]

1. Nf3 Nf6 2. c4 g6 3. g3 Bg7 4. Bg2 O-O 5. O-O d6 6. Nc3 c5 7. d4 Nc6 8. d5
Na5 9. Nd2 Rb8 10. e4 Nd7 11. Qc2 a6 12. a4 Qb6 13. b3 Ne5 14. h3 e6 15. Bb2
Qc7 16. f4 Nd7 17. Rae1 Nf6 18. e5 dxe5 19. fxe5 Nd7 20. d6 Qd8 21. Nf3 Nc6 22.
Nb1 b5 23. axb5 axb5 24. cxb5 Rxb5 25. Na3 Rb8 26. Nc4 Ba6 27. Rf2 Na5 28. Nfd2
Bb7 29. Nxa5 Qxa5 30. Bc3 Qb5 31. Bf1 Qc6 32. Bg2 Qb5 33. h4 Bxg2 34. Kxg2 Rb7
35. g4 Ra8 36. Qe4 Rba7 37. Ref1 Nb6 38. Qf3 Nd5 39. Bb2 Qb7 40. Ne4 Qb6 41.
Kh1 Rb8 42. Nd2 Rbb7 43. g5 Qd8 44. Rg1 Rb4 45. Rh2 Rf4 46. Qd3 Rf5 47. Nc4 Qa8
48. Qe4 Rf4 49. Qg2 Rg4 50. Qf3 Rf4 51. Qg2 1/2-1/2

[Event "NB I. Maroczy csoport"]
[Site "Berente"]
[Date "2024.05.12"]
[Round "11.1"]
[White "Furedi, Erik"]
[Black "Manik, Mikulas"]
[Result "1/2-1/2"]
[WhiteElo "2283"]
[BlackElo "2347"]
[PlyCount "28"]
[EventDate "2023.10.08"]
[EventType "team-tourn"]
[EventRounds "11"]
[EventCountry "HUN"]
[Source "chess.hu"]
[WhiteTeam "Vasas SC"]
[BlackTeam "Pitypalatty Sakk SE"]
[WhiteTeamCountry "HUN"]
[BlackTeamCountry "HUN"]

1. e4 c5 2. Nf3 d6 3. d4 cxd4 4. Nxd4 Nf6 5. Nc3 g6 6. Be3 Nc6 7. f3 h5 8. Bc4
Na5 9. Bb3 Bd7 10. Qd2 Bg7 11. Rc1 O-O 12. h4 Rb8 13. g4 b5 14. Bh6 Nc4 1/2-1/2

[Event "NB I. Maroczy csoport"]
[Site "Berente"]
[Date "2024.05.12"]
[Round "11.2"]
[White "Leszko, Bence"]
[Black "Torok, Sandor"]
[Result "1/2-1/2"]
[WhiteElo "2206"]
[BlackElo "2217"]
[PlyCount "116"]
[EventDate "2023.10.08"]
[EventType "team-tourn"]
[EventRounds "11"]
[EventCountry "HUN"]
[Source "chess.hu"]
[WhiteTeam "Pitypalatty Sakk SE"]
[BlackTeam "Vasas SC"]
[WhiteTeamCountry "HUN"]
[BlackTeamCountry "HUN"]

1. e4 c5 2. Nf3 d6 3. d4 Nf6 4. Nc3 cxd4 5. Qxd4 Nc6 6. Qe3 g6 7. Be2 Bg7 8.
O-O O-O 9. Nd5 b6 10. Rd1 Bb7 11. Qf4 Ne5 12. Nxe5 Nxd5 13. exd5 Bxe5 14. Qh4
e6 15. Qxd8 Rfxd8 16. Bf3 Bxd5 17. Bxd5 exd5 18. Rxd5 Rac8 19. c3 Rc5 20. Rd3
f5 21. Be3 Ra5 22. f4 Bf6 23. a4 b5 24. Rd5 Rxa4 25. Rxa4 bxa4 26. Ra5 Rb8 27.
Bc1 Bxc3 28. bxc3 Rb1 29. Rxa4 Rxc1+ 30. Kf2 Rc2+ 31. Kf1 Rxc3 32. Rxa7 Rc2 33.
Rd7 Rd2 34. h4 h5 35. g3 Kf8 36. Ke1 Rg2 37. Rxd6 Rxg3 38. Kf2 Rg4 39. Kf3 Kg7
40. Ra6 Rxh4 41. Ra8 Rh3+ 42. Kg2 Rh4 43. Kf3 Rg4 44. Rb8 h4 45. Ra8 Rg3+ 46.
Kf2 Rb3 47. Kg2 h3+ 48. Kh2 Rf3 49. Ra4 Kh6 50. Rb4 Kh5 51. Ra4 Kg4 52. Ra6
Rf2+ 53. Kh1 Kh5 54. Ra4 Rg2 55. Ra3 Kg4 56. Ra4 Kh4 57. Ra3 Rg4 58. Rxh3+ Kxh3
1/2-1/2

[Event "NB I. Maroczy csoport"]
[Site "Berente"]
[Date "2024.05.12"]
[Round "11.3"]
[White "Karacsony, Attila"]
[Black "Papp, Tamas"]
[Result "1/2-1/2"]
[WhiteElo "2194"]
[BlackElo "2318"]
[PlyCount "32"]
[EventDate "2023.10.08"]
[EventType "team-tourn"]
[EventRounds "11"]
[EventCountry "HUN"]
[Source "chess.hu"]
[WhiteTeam "Vasas SC"]
[BlackTeam "Pitypalatty Sakk SE"]
[WhiteTeamCountry "HUN"]
[BlackTeamCountry "HUN"]

1. e4 c5 2. c3 d5 3. exd5 Qxd5 4. d4 Nf6 5. Nf3 Bg4 6. dxc5 Qxc5 7. Na3 a6 8.
Be3 Qc7 9. h3 Bh5 10. Qa4+ Nbd7 11. g4 Bg6 12. Bg2 Be4 13. Nb5 Qb8 14. Nbd4 b5
15. Qd1 Qb7 16. Rg1 g6 1/2-1/2

[Event "NB I. Maroczy csoport"]
[Site "Berente"]
[Date "2024.05.12"]
[Round "11.4"]
[White "Daroczi, Donat"]
[Black "Jacso, Adam Dr"]
[Result "1/2-1/2"]
[WhiteElo "2160"]
[BlackElo "2243"]
[PlyCount "37"]
[EventDate "2023.10.08"]
[EventType "team-tourn"]
[EventRounds "11"]
[EventCountry "HUN"]
[Source "chess.hu"]
[WhiteTeam "Pitypalatty Sakk SE"]
[BlackTeam "Vasas SC"]
[WhiteTeamCountry "HUN"]
[BlackTeamCountry "HUN"]

1. e4 c5 2. Nf3 Nc6 3. d4 cxd4 4. Nxd4 Nf6 5. Nc3 e5 6. Ndb5 d6 7. Nd5 Nxd5 8.
exd5 Ne7 9. c4 Ng6 10. Qa4 Bd7 11. Qb4 Bf5 12. Qa4 Bd7 13. Qb4 Bf5 14. h4 h5
15. Bg5 f6 16. Be3 a6 17. Nc3 Qc7 18. Be2 Kf7 19. Qb3 1/2-1/2

[Event "NB I. Maroczy csoport"]
[Site "Berente"]
[Date "2024.05.12"]
[Round "11.5"]
[White "Czegledi, Barna Jr"]
[Black "Zambor, Norbert"]
[Result "1/2-1/2"]
[WhiteElo "2083"]
[BlackElo "2224"]
[PlyCount "24"]
[EventDate "2023.10.08"]
[EventType "team-tourn"]
[EventRounds "11"]
[EventCountry "HUN"]
[Source "chess.hu"]
[WhiteTeam "Vasas SC"]
[BlackTeam "Pitypalatty Sakk SE"]
[WhiteTeamCountry "HUN"]
[BlackTeamCountry "HUN"]

1. d4 Nf6 2. c4 g6 3. Nc3 d5 4. Nf3 Bg7 5. Bg5 Ne4 6. cxd5 Nxg5 7. Nxg5 e6 8.
Qd2 h6 9. Nf3 exd5 10. e3 O-O 11. b4 c6 12. Be2 Nd7 1/2-1/2

[Event "NB I. Maroczy csoport"]
[Site "Berente"]
[Date "2024.05.12"]
[Round "11.6"]
[White "Kovacs, Apollo"]
[Black "Horvath, Julia"]
[Result "0-1"]
[WhiteElo "2131"]
[BlackElo "2105"]
[PlyCount "44"]
[EventDate "2023.10.08"]
[EventType "team-tourn"]
[EventRounds "11"]
[EventCountry "HUN"]
[Source "chess.hu"]
[WhiteTeam "Pitypalatty Sakk SE"]
[BlackTeam "Vasas SC"]
[WhiteTeamCountry "HUN"]
[BlackTeamCountry "HUN"]

1. d4 Nf6 2. Nf3 g6 3. c4 Bg7 4. Nc3 d5 5. Bf4 O-O 6. e3 c5 7. dxc5 Qa5 8. Nd2
dxc4 9. Nxc4 Qxc5 10. Be2 Nc6 11. O-O Be6 12. Na4 Qd5 13. Qc1 Rac8 14. Rd1 Qf5
15. f3 Nh5 16. Bd3 Nxf4 17. Bxf5 Ne2+ 18. Kf2 Nxc1 19. Bxe6 fxe6 20. Na3 Nb4
21. Rd2 Nbd3+ 22. Kf1 Nxb2 0-1

[Event "NB I. Maroczy csoport"]
[Site "Berente"]
[Date "2024.05.12"]
[Round "11.7"]
[White "Havasi, Janos"]
[Black "Eberth, Zoltan Bela"]
[Result "1/2-1/2"]
[WhiteElo "2013"]
[BlackElo "1993"]
[PlyCount "42"]
[EventDate "2023.10.08"]
[EventType "team-tourn"]
[EventRounds "11"]
[EventCountry "HUN"]
[Source "chess.hu"]
[WhiteTeam "Vasas SC"]
[BlackTeam "Pitypalatty Sakk SE"]
[WhiteTeamCountry "HUN"]
[BlackTeamCountry "HUN"]

1. e4 d5 2. exd5 Qxd5 3. Nc3 Qa5 4. Nf3 Nf6 5. Be2 Bf5 6. O-O e6 7. d3 c6 8. a3
Bd6 9. h3 Nbd7 10. Be3 O-O 11. b4 Qc7 12. Qd2 Rad8 13. Rad1 a5 14. Rb1 e5 15.
Qc1 Rfe8 16. Nh4 Be6 17. Ne4 Be7 18. Nf3 axb4 19. axb4 Nd5 20. Bd2 h6 21. c4
N5f6 1/2-1/2